Normal view
MARC view
- Moulana Muhammad Zakria
Entry Personal Name
001 - CONTROL NUMBER
- control field: 65610
003 - CONTROL NUMBER IDENTIFIER
- control field: NUST
005 - DATE AND TIME OF LATEST TRANSACTION
- control field: 20210628203448.0
008 - FIXED-LENGTH DATA ELEMENTS
- fixed length control field: 210628|| aca||aabn | a|a d
040 ## - CATALOGING SOURCE
- Original cataloging agency: NUST
- Transcribing agency: NUST
100 ## - HEADING--PERSONAL NAME
- Personal name: Moulana Muhammad Zakria
670 ## - SOURCE DATA FOUND
- Source citation: Work cat.: (NUST): Moulana Muhammad Zakria, Fazaial-e-a'maal, 2002
